00990nam a22002657a 45000010005000000030006000050050017000110080041000280200018000690400029000870500008001160820012001241000029001362450044001652600047002093000045002565050007003015200168003085210027004765210018005036500038005219420015005599990015005749520135005899194FISKH20251128101031.0251128b cb ||||| |||| 00| 0 eng d a9780618599974 aFISKHbengcFISKHdFISKH aPZ7 a551.312 aWinston, Simone eAuthor aStudying a glacier /cby Simone Winston aBoston :bHoughton Mifflin Company ,c2006 a16 pages :bcolor illustrations ;c21 cm aJ  aHow are glaciers formed? What are three different types of glaciers mentioned in this story? What effect can a moving or changing glacier have on the land and sea?8 a450 bLexile estimate 8 aJ bRaz-Plus  aCause and effectvNatural science 2ddccBKn0 c9194d9194 00102ddc40708NFICa002b002cTTP Dark Blued2025-11-28l0oWIN 551.312 PZ7pFISBK05974r2025-11-28 10:10:28t1w2025-11-28yBK